| 000 | 00631nam a22001337a 4500 | ||
|---|---|---|---|
| 020 | _a978-0-141-34684-7 | ||
| 082 |
_a823 _bRIO/P |
||
| 100 | _aRIORDAN, RICK | ||
| 245 | _aPERCY JACKSON AND THE SEA OF MONSTERS | ||
| 260 |
_aUNITED KINGDOM _bPUFFIN BOOKS _c2013 |
||
| 520 | _aThe story is set in present day America and is about the 13 year old demigod Percy Jackson and his friends Annabeth and Tyson. They must go on a quest to rescue their friend Grover and retrieve the Golden Fleece from the Cyclops Polyphemus to save camp half-blood from being destroyed by monsters and titans. | ||
| 650 |
_aNOVEL _zUNITED KINGDOM |
||
| 942 | _cBK | ||
| 999 |
_c3886 _d3886 |
||